Lectures on boundary theory for Markov chains /

Guardado en:
Autor Principal: Chung, Kai Lai, 1917-
Otros Autores: Meyer, Paul André.
Formato: Libro
Idioma:English
Publicado: Princeton, N.J. : Princeton University Press and the University of Tokyo Press, 1970.
Series:Annals of mathematics studies ; no. 65
Etiquetas: Agregar Etiqueta
Sin Etiquetas, Sea el primero en etiquetar este registro!
LEADER 00866nam a2200217 4500
001 MAT.inmabb001728
008 700629s1970####nju######b####000#0#eng#d
005 20130325183315.0
245 1 0 |a Lectures on boundary theory for Markov chains /  |c by Kai Lai Chung ; with the cooperation of Paul-André Meyer. 
260 |a Princeton, N.J. :  |b Princeton University Press and the University of Tokyo Press,  |c 1970. 
300 |a xvi, 94 p. ;  |c 24 cm. 
440 0 |a Annals of mathematics studies ;  |v no. 65 
500 |a "Lectures [...] given at the Université de Strasbourg between November 1967 and March 1968"--Preface. 
504 |a Bibliografía: p. 93-94. 
510 4 |a MR,  |c 42 #2546 
020 |a 0691080755 
100 1 |a Chung, Kai Lai,  |d 1917- 
700 1 |a Meyer, Paul André. 
084 |a 60J50  |2 msc2000 
010 |a  72106391  
859 |h 60  |i C559l-2  |p A-5491  |b BIB. MATEMATICA